000 00802nam a2200241 a 4500
001 BRCA_4673
005 20190320204747.0
008 300910s2001----sp-#######---#000-0#spa-#
020 _a848833351X
040 _aspa
041 _aspa
050 4 _aPQ6390
_b.C37 2001
100 1 _aCastillo Martínez, Cristina
_911854
245 1 0 _aFlorando de Inglaterra
_b(parte I-II) (Lisboa, Germán Gallarde, 1545) : guía de lectura
_cpor Cristina Castillo Martínez.
260 _aAlcalá de Henares [España]
_bCentro de Estudios Cervantinos
_c2001
300 _a86 p.
_c24 cm
440 0 _aGuías de lectura caballeresca
_v43
_911855
500 _aIncluye índice general de la colección
504 _aBibliografía: p. [81]
650 1 4 _aLiteratura
_zEspaña
_911856
902 _aCERV
942 _2lcc
_cB
999 _c4374
_d4374